000 00607nam a22002057a 4500
999 _c12412
_d12412
003 AR-CdUCM
008 190408b ||||| |||| 00| 0 spa d
040 _aMUNICIPALIDAD PROVINCIAL DEL CUSCO
_cBIBLIOTECA MUNICIPAL DEL CUSCO
082 _a803.08 /
_bCH33
100 _aChejov, Antón
_930255
245 _aHistoria de mi vida /
260 _bExcelsior.
300 _a112 páginas ;
_c17 cm.
505 _aContenido : Historia de mi vida -- Narrativa ...
650 _aLiteratura
_9416
650 _aNarrativa
_967
650 _aUniversal
_918236
942 _2ddc
_cLIBROS
945 _arah
_d08/04/2019